Applied oceanography

שמור ב:
מידע ביבליוגרפי
מחבר ראשי: Bishop, Joseph Michael (Author)
פורמט: ספר
שפה:אנגלית
יצא לאור: Nueva York John Wiley 1984
סדרה:Ocean engineering
נושאים:
תגים: הוספת תג
אין תגיות, היה/י הראשונ/ה לתייג את הרשומה!

MARC

LEADER 00000nam a2200000 a 4500
001 UCV5063
003 CL-VaPUC
008 920603e19840000US |||||||||||||||||eng|d
082 0 4 |a 551.46  |b BIS  |2 21 
100 0 |a Bishop, Joseph Michael  |e author  |9 299321 
245 1 0 |a Applied oceanography 
300 |a 252 p 
942 |c BK 
945 |d 19920603 00:00:00 
260 |a Nueva York  |b John Wiley  |c 1984 
650 0 |a Oceanografía  |9 260014 
650 0 |a Recursos marinos  |9 261196 
583 |a last modification  |c 19920603 00:00:00  |k Rodrigo Vera 
490 0 |a Ocean engineering 
999 |c 211664  |d 211662 
952 |0 0  |1 0  |2 ddc  |4 0  |6 551_460000000000000_BIS_1984  |7 0  |8 P  |9 191504  |a BIBCUR  |b BIBCUR  |c PAC  |d 2019-11-14  |i 2590581  |o 551.46 BIS 1984  |p 2590581  |r 2025-04-22  |w 2019-11-14  |y BK  |k CIM